000 00280nam a2200097Ia 4500
001 1300216
005 20260420095900.0
008 260420s9999 xx 000 0 und d
245 0 _aŞEFİK - EN ÇOK KİMİ SEVİYORUM
_cM. SALİH SIRMA ÇEKİÇ
260 _bTİMAŞ ÇOCUK YAYINLARI
999 _c1300216
_d1300216